Statistics for Aladdin Friend like me

Click here to take the quiz!

General Stats

  • This quiz has been taken 183 times
  • The average score is 183 of 317

Answer Stats

Answer% Correct
a
97%
A
97%
had
91%
B
89%
You
87%
you
87%
i
86%
me
86%
the
83%
friend
81%
like
80%
never
80%
your
80%
we
75%
do
71%
go
70%
Ali
69%
of
67%
well
67%
so
66%
in
64%
that
64%
them
64%
for
63%
Baba
62%
no
62%
some
62%
ain't
61%
got
61%
all
59%
and
59%
is
59%
thieves
59%
what
59%
lamp
58%
thousand
58%
aladdin
57%
can
55%
forty
55%
power
55%
be
54%
luck
54%
now
54%
rub
54%
corner
53%
it
53%
tales
53%
I'm
52%
i'm
52%
master
52%
or
51%
this
51%
to
51%
up
51%
wish
51%
Mister
50%
mister
50%
on
50%
have
49%
magic
49%
fails
47%
say
47%
cause
46%
little
46%
friends
44%
I'll
44%
how
43%
want
43%
column
42%
gotta
42%
you're
42%
ammunition
41%
brand
41%
king
41%
out
41%
pleasure
41%
sir
41%
will
41%
genie
40%
hat
40%
restaurant
40%
boss
39%
help
39%
let
39%
life
39%
order
38%
take
38%
three
38%
try
38%
service
37%
whisper
37%
dish
36%
pull
36%
it's
35%
punch
35%
camp
34%
down
34%
dude
34%
mood
34%
but
33%
more
33%
pride
33%
jot
32%
ourselves
32%
sleeves
32%
about
31%
true
31%
come
30%
two
30%
yours
30%
baklava
29%
yes
29%
here
27%
their
27%
shah
26%
pizzazz
25%
know
23%
big
22%
if
22%
list
22%
Maitre'd
22%
oh
22%
there
22%
long
21%
really
21%
dance
20%
give
20%
job
20%
yahoo
20%
doubt
19%
man
19%
miles
19%
sing
19%
certified
18%
day
18%
mid
18%
rap
18%
answer
17%
don't
17%
eyed
17%
prayers
17%
sit
17%
that's
17%
chance
16%
buggy
14%
nabob
14%
powerful
14%
bona
13%
fide
12%
urge
12%
charged
8%
affairs
7%
lamb
3%
scheherezadie
3%

Score Distribution

Percentile by Number Answered

Percent of People with Each Score

Your Score History

You have not taken this quiz